000 00822nam a2200217 4500
001 144094
003 ES-MaACL
005 20251118153306.0
007 t|
008 070214s1970 sp r ||||1| spa d
110 2 _aMonasterio "Madre de Dios" (Olmedo)
_9171450
245 1 0 _aSí a nuestros compromisos /
_cMonasterio Madre de Dios. M. Dominicas. Olmedo (Valladolid) ; prólogo del Sr. Obispo de Tarazona y de don Baldomero Jiménez Duque.
260 _aMadrid :
_b[s.n.],
_c1970 (
_fGráf. Orbe)
300 _a93 p. ;
_c20 cm.
650 4 _aMonacato.
_9149803
650 7 _aVida monástica y religiosa femenina
_2embne
_9155560
700 1 _aMéndez Asensio, José,
_d1921-2006
_9171451
700 1 _aJiménez Duque, Baldomero,
_d1911-2007
_966518
852 _aES-MaACL
_jC-46969
999 _c144094
_d144094